The Idea of History / (Record no. 332247)

000 -LEADER
fixed length control field 01113 a2200253 4500
003 - CONTROL NUMBER IDENTIFIER
control field Nust
005 - DATE AND TIME OF LATEST TRANSACTION
control field 20171121131536.0
008 - FIXED-LENGTH DATA ELEMENTS--GENERAL INFORMATION
fixed length control field 171121b xxu||||| |||| 00| 0 eng d
010 ## - LIBRARY OF CONGRESS CONTROL NUMBER
LC control number 92040412
020 ## - INTERNATIONAL STANDARD BOOK NUMBER
International Standard Book Number 0195671724
040 ## - CATALOGING SOURCE
Transcribing agency 0
082 00 - DEWEY DECIMAL CLASSIFICATION NUMBER
Classification number 910 COL
100 1# - MAIN ENTRY--PERSONAL NAME
Personal name Collingwood, R. G.
9 (RLIN) 6590
245 14 - TITLE STATEMENT
Title The Idea of History /
Statement of responsibility, etc. R.G. Collingwood ; edited with an introduction by Jan van der Dussen.
250 ## - EDITION STATEMENT
Edition statement Rev. ed., with lectures 1926-1928.
260 ## - PUBLICATION, DISTRIBUTION, ETC.
Place of publication, distribution, etc. Oxford [India] :
Name of publisher, distributor, etc. CBS ;
Place of publication, distribution, etc. New Delhi :
Name of publisher, distributor, etc. Oxford University Press,
Date of publication, distribution, etc. 2006.
300 ## - PHYSICAL DESCRIPTION
Extent 510p. ;
Dimensions 23 cm.
500 ## - GENERAL NOTE
General note P.B
505 ## - FORMATTED CONTENTS NOTE
Formatted contents note Introduction (Page-1), The Influence of Christianity (Page-46), The Threshold of Scientific History (Page-86), Scientific History (Page-134), Epilegomena (Page-205),
538 ## - SYSTEM DETAILS NOTE
System details note Almirah No.59 Shelf No.5
650 #0 - SUBJECT ADDED ENTRY--TOPICAL TERM
Topical term or geographic name entry element History
General subdivision Philosophy.
9 (RLIN) 6591
700 1# - ADDED ENTRY--PERSONAL NAME
Personal name Dussen, W. J. van der.
9 (RLIN) 6592
856 42 - ELECTRONIC LOCATION AND ACCESS
Materials specified Publisher description
Uniform Resource Identifier <a href="http://www.loc.gov/catdir/enhancements/fy0638/92040412-d.html">http://www.loc.gov/catdir/enhancements/fy0638/92040412-d.html</a>
942 ## - ADDED ENTRY ELEMENTS (KOHA)
Source of classification or shelving scheme
Koha item type Book
Call number prefix IESE
Holdings
Withdrawn status Lost status Source of classification or shelving scheme Damaged status Not for loan Collection code Permanent Location Current Location Shelving location Date acquired Total Checkouts Full call number Barcode Date last seen Price effective from Koha item type
            Institute of Environmental Science and Engineering (IESE) Institute of Environmental Science and Engineering (IESE) General Stacks 11/21/2017   910 COL IESE-1397 11/21/2017 11/21/2017 Book
© 2023 Central Library, National University of Sciences and Technology. All Rights Reserved.